| 000 | 00524nam a2200169Ia 4500 | ||
|---|---|---|---|
| 003 | IN-BaIIA | ||
| 008 | 211028s9999 xx 000 0 eng d | ||
| 040 | _cIIA Library | ||
| 080 |
_a535.338 _bKRO |
||
| 100 |
_aKronig, R De L _91793 |
||
| 245 | 0 |
_aBand spectra and molecular structure _cR De L Kronig |
|
| 260 |
_aCambridge _bCambridge University Press _c1930 |
||
| 300 | _ax,163p. | ||
| 650 |
_aMolecular Spectroscopy _91794 |
||
| 650 |
_aMolecular Structure _91795 |
||
| 942 | _cBK | ||
| 999 |
_c838 _d838 |
||